Vista normal Vista MARC

Entrada Nombre personal

Número de registros utilizados en: 0

001 - NÚMERO DE CONTROL

  • campo de control: 239672

003 - IDENTIFICADOR DEL NÚMERO DE CONTROL

  • campo de control: CO-MdUADB

005 - FECHA Y HORA DE LA ÚLTIMA TRANSACCIÓN

  • campo de control: 20231004143857.0

008 - DATOS DE LONGITUD FIJA

  • campo de control de longitud fija: 230418nn az|nnaabn a aaa d

040 ## - FUENTE DE LA CATALOGACIÓN

  • Centro catalogador/agencia de origen: CO-MdUADB
  • Centro/agencia transcriptor: CO-MdUADB
  • Lengua de catalogación: spa
  • Normas de descripción: rda

100 ## - ENCABEZAMIENTO-NOMBRE DE PERSONA

  • Nombre de persona: Bermudo Ávila, José Manuel,
  • Fechas asociadas al nombre: 1943-